Fe y política: el compromiso político de los cristianos en tiempos de desencanto
Guardat en:
| Autor principal: | |
|---|---|
| Format: | Llibre |
| Idioma: | espanyol |
| Publicat: |
Santander
Sal Terrae
1993
|
| Col·lecció: | Presencia Social, 5
|
| Matèries: | |
| Etiquetes: |
Afegir etiqueta
Sense etiquetes, Sigues el primer a etiquetar aquest registre!
|
MARC
| LEADER | 00000nam a2200000 a 4500 | ||
|---|---|---|---|
| 001 | UCY2025 | ||
| 003 | CL-VaPUC | ||
| 008 | 941005e19930000SP |||||||||||||||||spa|d | ||
| 020 | |a 842931086X | ||
| 082 | 0 | 4 | |a 261.7 |b MAR |2 21 |
| 100 | |a Mardones Martínez, José María |e autor |9 492469 | ||
| 245 | 1 | 0 | |a Fe y política: el compromiso político de los cristianos en tiempos de desencanto |
| 300 | |a 223 p | ||
| 942 | |c BK | ||
| 945 | |d 19941005 00:00:00 |a aalvarez | ||
| 260 | |a Santander |b Sal Terrae |c 1993 | ||
| 650 | 0 | |a Cristianismo y política |9 255890 | |
| 651 | 7 | |a IGLESIA CATOLICA |2 CL-VaPUC |9 330092 | |
| 583 | |a last modification |c 19941005 00:00:00 |k Rodrigo Vera | ||
| 490 | 0 | |a Presencia Social, 5 | |
| 999 | |c 230550 |d 230548 | ||
| 952 | |0 0 |1 0 |4 0 |6 261_700000000000000_MAR_1993 |7 0 |8 A |9 232913 |a BIBTEO |b BIBTEO |d 2019-11-15 |i 3024717 |o 261.7 MAR 1993 |p 3024717 |r 2025-01-17 |w 2019-11-15 |y BK |k ICR | ||